00974nam a22002175a 4500003000400000005001700004008004100021040001400062100002600076245017000102260005000272300003500322502010000357650003000457650004400487650001900531700004000550710006800590730000800658856009000666OSt20160614180449.0160614s2016 spc||||fsm||||0|| 0 spa|d bcatcCDMR1 aPérez Soler, Susana10aUsos periodísticos de Twitter h[Recurs electrònic]b: Una comparativa entre redacciones tradicionales y digitales en Catalunya y BélgicacSusana Pérez Soler a[Barcelona] :bUniversitat Ramon Llull,c2016 a1 recurs electrònic (315 p.) aTesi doctoral - Universitat Ramon Llull. FCRIB - Comunicació i Relacions Internacionals, 201604aXarxes socials en línia04aPeriodismexInnovacions tecnològiques04aPremsa digital1 aMicó, Josep Lluís,d1974-edir.2 aFacultat de Comunicació i Relacions Internacionals Blanquerna0 aTDX40z(Accés lliure)uhttp://www.tdx.cat/handle/10803/362644yDisponible en línia (pdf)